| 000 | 00592nam a2200229Ia 4500 | ||
|---|---|---|---|
| 005 | 20231108094842.0 | ||
| 008 | 131103s9999 xx 000 0 und d | ||
| 020 |
_a812910976X _cRs 495 |
||
| 040 | _aLoreto College | ||
| 041 | _aEnglish | ||
| 082 |
_a320.954 _bSIN |
||
| 100 | _aSingh, Jaswant | ||
| 245 | 2 |
_aA call to honour _cJaswant Singh |
|
| 260 |
_aNew Delhi _bRupa and Company _c2006 |
||
| 300 |
_axvii,426p _b ill |
||
| 504 | _aIncludes index | ||
| 630 | _aIndia, Politics and government | ||
| 650 | _aIndia, History | ||
| 651 | _aPolitics | ||
| 850 | _aLCLIB | ||
| 942 | _cBK | ||
| 999 |
_c13280 _d63759 |
||